000 01214nam a22003497a 4500
003 CHAP
005 20220329134938.0
008 971013s1964 r 00010 d
010 _a28503
011 _a29475
035 _a33586
040 _cCHAP
082 _a674.1
_bK62
100 0 0 _aKoch, Peter.
_963581
245 _aWood machining processes
260 _aNew York :
_bRonald Press,
_c1964
300 _a530 p.
_b: ilus.
490 _aWood processing series
590 _aBATCH-UPD
_b10
_c20130110
_lUCH01
_h1941
590 _aBATCH-UPD
_b10
_c20130410
_lUCH01
_h1304
590 _aBATCH-UPD
_b10
_c20130914
_lUCH01
_h1709
590 _aCONVERSION
_b10
_c20130109
_lUCH01
_h1316
650 1 4 _aMadera
_xTecnologĂ­a.
_969629
830 0 _aWood processing series
_9122501
901 _aBK
942 _cLIBRO
949 _a674.1 K62
_bBC
_cLIBRO
_d33724000149068
_eLIBRO
_h31516
_i33586
_si
949 _a674.1 K62
_bBC
_cLIBRO
_d33724000149076
_eLIBRO
_fc.2
_h31517
_i33586
_si
949 _a674.1 K62
_bBC
_cLIBRO
_d33724000149084
_eLIBRO
_fc.3
_h31517
_i33586
_si
949 _a674.1 K62
_bBC
_cLIBRO
_d33724000149092
_eLIBRO
_fc.4
_h31519
_i33586
_si
949 _a674.1 K62
_bBC
_cLIBRO
_d33724000149100
_eLIBRO
_fc.5
_h31520
_i33586
_si
999 _c28503
_d28503